000 00754cab a2200277 4500
001 ABS57931
008 090401t1997 xxu||||| |||| 00| 0 eng d
035 _a(Sirsi) u82300
041 _aeng
100 _aBennett, J.
245 _aRisk all for value for money
260 _c1997
350 _a0
490 _aMunicipal Journal
_v14 November 1997, 20-21(2)
520 _aFourth in the series on PFI, examining risk transfer and value of money.
650 _aPFI
650 _aPRIVATE FINANCE INITIATIVE
650 _aRISK ASSESSMENT
650 _aRISK TRANSFER
650 _aVALUE FOR MONEY
690 _aPROPERTY-PROPERTY FINANCE AND INVESTMENT
700 _aHann, R.
700 _aCirell, S.
942 _n0
948 _c24/11/1997
999 _c51936
_d51936